Perspectives on new economic policy / (Record no. 123784)

MARC details
000 -LEADER
fixed length control field 00710nam a22002297a 4500
005 - DATE AND TIME OF LATEST TRANSACTION
control field 20170124105930.0
010 ## - LIBRARY OF CONGRESS CONTROL NUMBER
LC control number A-372184
020 ## - INTERNATIONAL STANDARD BOOK NUMBER
Terms of availability 00.00
International Standard Book Number 812020235
035 ## - SYSTEM CONTROL NUMBER
System control number A-372184
037 ## - SOURCE OF ACQUISITION
Source of stock number/acquisition Cen Lib/Ret
040 ## - CATALOGING SOURCE
Original cataloging agency DPL
Language of cataloging EN
082 ## - DEWEY DECIMAL CLASSIFICATION NUMBER
Classification number 330.954
Item number KHA
100 ## - MAIN ENTRY--PERSONAL NAME
Personal name Khan, M. Basheer Ahmed
9 (RLIN) 8026
245 ## - TITLE STATEMENT
Title Perspectives on new economic policy /
Statement of responsibility, etc by M. Basheer Ahmed Khan
260 ## - PUBLICATION, DISTRIBUTION, ETC. (IMPRINT)
Place of publication, distribution, etc Delhi
Name of publisher, distributor, etc Ajanta Publications
Date of publication, distribution, etc 1989
270 ## - ADDRESS
Address Jawahar Nagar
City Delhi
Postal code 110007
300 ## - PHYSICAL DESCRIPTION
Extent xiv,128p.
Dimensions 21cm(Hb)
500 ## - GENERAL NOTE
General note Includes bibliographical references and index
650 ## - SUBJECT ADDED ENTRY--TOPICAL TERM
Topical term or geographic name as entry element India -- Industries
9 (RLIN) 71904
650 ## - SUBJECT ADDED ENTRY--TOPICAL TERM
Topical term or geographic name as entry element Commercial policy
9 (RLIN) 6517
942 ## - ADDED ENTRY ELEMENTS (KOHA)
Source of classification or shelving scheme Dewey Decimal Classification
Koha item type English Books
Classification part 330.954
Call number suffix KHA
Holdings
Withdrawn status Lost status Damaged status Not for loan Home library Current library Date acquired Source of acquisition Cost, normal purchase price Total Checkouts Full call number Barcode Date last seen Copy number Cost, replacement price Price effective from Koha item type
        Central Library Central Library 12/06/2015 Cen Lib/Ret 0.00   330.954 KHA A-372184 12/06/2015 1 0.00 12/06/2015 English Books

© Delhi Public Library
Hit Counter
free hit counter